000 01515nam a22002897a 4500
001 121258
005 20250811135616.0
008 061222b2022 xxu||||| |||| 00| 0 eng d
020 _a9781783214921
041 _aeng
100 _aSellars, Nigel
110 _aRoyal Institution of Chartered Surveyors
245 _aValuation approach for properties in multi-storey, multi-occupancy residential buildings with cladding,
_bRICS professional standard, England,
_cEffective 6 December 2022 to 31 December 2023
_h[old edition]
250 _a1st
260 _aLondon,
_bRoyal Institution of Chartered Surveyors,
_cDecember 2022
300 _a23p
490 _aRICS professional standard
500 _aSuperseded by 2nd edition effective from 1 January 2024 ISBN 9781783215164
520 _aThis document is intended to help valuers undertaking valuations for secured lending purposes on domestic residential flats, within residential blocks of 5 or more storeys or 11 metres or more tall. In accordance with the remediation schemes and qualifying lease protections, applicable to England only. The result of consultation that took place in the second half of 2022.
650 _aCladding
650 _aValuation
651 _aUnited Kingdom
690 _96273
_aValuation
690 _96308
_aCladding
856 _uhttps://www.rics.org/profession-standards/knowledge-and-information-services/document-delivery-and-o
_zemail [email protected] to request a copy of this old edition
942 _n0
999 _c121258
_d121258